[Event "30th WCh U20 Girls"]
[Site "Athens GRE"]
[Date "2012.08.08"]
[Round "7"]
[White "Cori Tello, Deysi"]
[Black "Vojinovic, Jovana"]
[Result "1-0"]
[WhiteElo "2413"]
[BlackElo "2337"]
[EventDate "2012.08.02"]
[PlyCount "101"]

1.d4 Nf6 2.Nf3 g6 3.c4 Bg7 4.g3 O-O 5.Bg2 d6 6.Nc3 Nc6 7.O-O Bf5 8.Ne1 Bd7
9.Nc2 a6 10.b4 Rb8 11.a4 Qc8 12.Re1 Re8 13.Bb2 Bh3 14.Bh1 h5 15.Nd5 h4 16.
b5 Nd8 17.e4 hxg3 18.hxg3 c6 19.Nf4 Bg4 20.f3 Bd7 21.b6 Ne6 22.Nd3 Nh5 23.
Kf2 c5 24.d5 Nf8 25.Bxg7 Nxg7 26.Qd2 a5 27.e5 Qd8 28.Ne3 Qxb6 29.Bg2 dxe5 
30.Nxe5 Qf6 31.N3g4 Bxg4 32.Nxg4 Qd4+ 33.Qxd4 cxd4 34.Nh6+ Kh7 35.Nxf7 Nf5
36.Ne5 Rbc8 37.Bh3 e6 38.Bxf5 gxf5 39.d6 Red8 40.Rab1 Rxd6 41.Rxb7+ Kg8 
42.Rh1 d3 43.Nf7 Rd7 44.Rxd7 Nxd7 45.Rh8+ Kxf7 46.Rxc8 e5 47.Ke3 e4 48.
fxe4 fxe4 49.Rc7 Ke6 50.Rxd7 Kxd7 51.g4 1-0

[Event "30th WCh U20 Girls"]
[Site "Athens GRE"]
[Date "2012.08.08"]
[Round "7"]
[White "Guo Qi"]
[Black "Goryachkina, Aleksandra"]
[Result "1/2-1/2"]
[WhiteElo "2358"]
[BlackElo "2361"]
[EventDate "2012.08.02"]
[PlyCount "56"]

1.d4 d5 2.c4 e6 3.Nc3 c6 4.Nf3 dxc4 5.e3 b5 6.a4 Bb4 7.Bd2 a5 8.axb5 Bxc3 
9.Bxc3 cxb5 10.b3 Bb7 11.bxc4 b4 12.Bb2 Nf6 13.Bd3 O-O 14.O-O Nbd7 15.Re1 
Ne4 16.Qc2 f5 17.c5 Bd5 18.Bb5 Qc7 19.Qa4 Ndf6 20.h3 Rfb8 21.Ne5 Nd2 22.
Bd3 Bb3 23.Qc6 Qe7 24.Re2 Bd5 25.Qa4 Bb3 26.Qc6 Bd5 27.Qa4 Bb3 28.Qc6 Bd5 
1/2-1/2

[Event "30th WCh U20 Girls"]
[Site "Athens GRE"]
[Date "2012.08.08"]
[Round "7"]
[White "Bodnaruk, Anastasia"]
[Black "Kulon, Klaudia"]
[Result "1-0"]
[WhiteElo "2414"]
[BlackElo "2259"]
[EventDate "2012.08.02"]
[PlyCount "75"]

1.e4 e6 2.d4 d5 3.e5 c5 4.c3 Qb6 5.Nf3 Nc6 6.a3 c4 7.g3 Na5 8.Nbd2 Bd7 9.
Rb1 O-O-O 10.Bh3 f5 11.exf6 gxf6 12.O-O Nh6 13.Re1 Re8 14.b3 cxb3 15.Nxb3 
Nf7 16.Nfd2 Nxb3 17.Nxb3 h5 18.Qc2 Nd8 19.Nc5 Qc6 20.Nxd7 Qxd7 21.c4 Qc6 
22.Qg6 dxc4 23.d5 Qa4 24.dxe6 Be7 25.Bf4 h4 26.Qf5 hxg3 27.hxg3 Qxa3 28.
Red1 Qc5 29.Rd5 Qc6 30.Rd7 Rxh3 31.Qxh3 Bc5 32.Rxd8+ Kxd8 33.Rd1+ Ke7 34.
Rd7+ Qxd7 35.exd7 Rd8 36.Qh7+ Ke6 37.Qe4+ Kxd7 38.Qd5+ 1-0

[Event "30th WCh U20 Girls"]
[Site "Athens GRE"]
[Date "2012.08.08"]
[Round "7"]
[White "Sihite, Chelsie Monica"]
[Black "Arabidze, Meri"]
[Result "0-1"]
[WhiteElo "2162"]
[BlackElo "2379"]
[EventDate "2012.08.02"]
[PlyCount "78"]

1.e4 c5 2.Nf3 e6 3.d4 cxd4 4.Nxd4 Nc6 5.Nc3 a6 6.Be2 d6 7.Be3 Nf6 8.O-O 
Be7 9.f4 O-O 10.Qe1 Nxd4 11.Bxd4 b5 12.a3 Bb7 13.Qg3 g6 14.Bd3 Nh5 15.Qf2 
Qc7 16.f5 Bg5 17.h4 Bf6 18.Ne2 exf5 19.exf5 Be5 20.c3 Rae8 21.Be3 Nf6 22.
Bf4 Qc6 23.Rae1 Re7 24.Nd4 Qd5 25.fxg6 hxg6 26.Re2 Rfe8 27.Rd2 Nh5 28.Bxe5
dxe5 29.Nc2 Nf4 30.Ne3 Qe6 31.Bb1 Bxg2 32.Qg3 Bxf1 33.Bf5 Qc6 34.Nxf1 Kf8 
35.Bc2 Rd7 36.Rf2 Qc5 37.Kh2 Red8 38.b4 Qb6 39.Be4 Rd1 0-1

[Event "30th WCh U20 Girls"]
[Site "Athens GRE"]
[Date "2012.08.08"]
[Round "7"]
[White "Rodriguez Rueda, Paula Andrea"]
[Black "Ziaziulkina, Nastassia"]
[Result "0-1"]
[WhiteElo "2196"]
[BlackElo "2342"]
[EventDate "2012.08.02"]
[PlyCount "92"]

1.d4 d5 2.c4 c6 3.Nf3 Nf6 4.e3 e6 5.Nc3 Nbd7 6.Bd3 dxc4 7.Bxc4 b5 8.Bd3 
Bd6 9.O-O O-O 10.Qc2 Bb7 11.e4 e5 12.dxe5 Nxe5 13.Nxe5 Bxe5 14.h3 Re8 15.
Bg5 h6 16.Be3 Qc7 17.Rac1 Rad8 18.f4 Bxc3 19.bxc3 c5 20.e5 Nd5 21.Qe2 c4 
22.Bb1 Nxe3 23.Qxe3 a5 24.Rfe1 Re7 25.Re2 Bc6 26.Qg3 Red7 27.Rce1 Rd2 28.
Bc2 b4 29.f5 Rxe2 30.Rxe2 f6 31.Qg4 Bd5 32.cxb4 axb4 33.exf6 Qb6+ 34.Kh2 
Qxf6 35.Qg3 c3 36.Qf4 Qd6 37.Qxd6 Rxd6 38.Re8+ Kf7 39.Rb8 Bxg2 40.Bb3+ Bd5
41.Rxb4 Bxb3 42.Rxb3 Rc6 43.Rb1 Kf6 44.a4 c2 45.Rc1 Kxf5 46.a5 Ke4 0-1

[Event "30th WCh U20 Girls"]
[Site "Athens GRE"]
[Date "2012.08.08"]
[Round "7"]
[White "Khaled, Mouna"]
[Black "Wang Jue"]
[Result "0-1"]
[WhiteElo "2121"]
[BlackElo "2355"]
[EventDate "2012.08.02"]
[PlyCount "72"]

1.d4 Nf6 2.c4 g6 3.Nc3 Bg7 4.g3 O-O 5.Bg2 d6 6.e3 Nbd7 7.Nge2 e5 8.O-O Re8
9.b3 Nf8 10.Bb2 c6 11.Qc2 Qe7 12.Ba3 e4 13.h3 h5 14.Rad1 N8h7 15.b4 Ng5 
16.Kh2 Bf5 17.Qb3 Qd7 18.Ng1 d5 19.b5 dxc4 20.Qxc4 Rac8 21.Qb3 h4 22.gxh4 
Nf3+ 23.Bxf3 exf3 24.b6 axb6 25.Qxb6 Ne4 26.Nxe4 Rxe4 27.Nxf3 Bxh3 28.Rg1 
Qf5 29.Rg3 Bg4 30.Qc5 Bxf3 31.Qxf5 Rxh4+ 32.Rh3 gxf5 33.Rg1 Rxh3+ 34.Kxh3 
Ra8 35.Bd6 Rxa2 36.Rg5 Bg4+ 0-1

[Event "30th WCh U20 Girls"]
[Site "Athens GRE"]
[Date "2012.08.08"]
[Round "7"]
[White "Klek, Hanna-Marie"]
[Black "Varga, Klara"]
[Result "0-1"]
[WhiteElo "2248"]
[BlackElo "2181"]
[EventDate "2012.08.02"]
[PlyCount "82"]

1.e4 e6 2.d4 d5 3.Nd2 Be7 4.e5 c5 5.Qg4 Bf8 6.Ngf3 Qc7 7.c3 Nc6 8.Be2 Nh6 
9.Qf4 cxd4 10.cxd4 f6 11.O-O Nf7 12.Nb3 fxe5 13.dxe5 Nfxe5 14.Nfd4 Qf7 15.
Bb5 Bd7 16.Qg3 Be7 17.Bxc6 Nxc6 18.Qc7 Bf6 19.Be3 O-O 20.Nf3 b6 21.Nbd4 
Rfc8 22.Qd6 e5 23.Nxc6 Rxc6 24.Qa3 Bg4 25.Ng5 Qg6 26.Qa4 Rc4 27.Qb5 Rd8 
28.h3 Bxg5 29.hxg4 Rxg4 30.Bxg5 Rxg5 31.g3 Rh5 32.Qe2 e4 33.Kg2 Rf8 34.
Rad1 Rhf5 35.Rd2 h6 36.Qd1 Qf7 37.Qb3 Kh8 38.Qc3 Qg6 39.Qd4 Qg4 40.Rh1 
Qf3+ 41.Kg1 Kh7 0-1

[Event "30th WCh U20 Girls"]
[Site "Athens GRE"]
[Date "2012.08.08"]
[Round "7"]
[White "Iordanidou, Zoi"]
[Black "Kulkarni, Bhakti Pradip"]
[Result "1/2-1/2"]
[WhiteElo "2166"]
[BlackElo "2159"]
[EventDate "2012.08.02"]
[PlyCount "71"]

1.e4 g6 2.d4 Bg7 3.Nc3 c6 4.Be3 d5 5.Qd2 dxe4 6.Nxe4 Nf6 7.Nxf6+ Bxf6 8.
Bc4 O-O 9.Nf3 c5 10.O-O cxd4 11.Bxd4 Bxd4 12.Qxd4 Nc6 13.Qf4 Kg7 14.Rad1 
Qb6 15.Bb3 f6 16.Rd2 e5 17.Qg3 Na5 18.Rfd1 Nxb3 19.axb3 Qc7 20.Rd6 Qe7 21.
Qh4 a5 22.Qc4 Ra6 23.Rxa6 bxa6 24.Qd5 Qc7 25.Ne1 Rf7 26.Qd8 Qc6 27.Qd5 Qb6
28.Qd8 Qc6 29.Qd5 Qb6 30.Qd8 Qc6 31.Qxa5 Bb7 32.Qc3 Qb6 33.Qh3 Qc6 34.Qd3 
e4 35.Qd4 Qb5 36.Qc4 1/2-1/2

[Event "30th WCh U20 Girls"]
[Site "Athens GRE"]
[Date "2012.08.08"]
[Round "7"]
[White "Imeeva, Aisa"]
[Black "Aulia, Medina Warda"]
[Result "0-1"]
[WhiteElo "2095"]
[BlackElo "2218"]
[EventDate "2012.08.02"]
[PlyCount "116"]

1.e4 e6 2.d4 d5 3.Nd2 Nf6 4.e5 Nfd7 5.Bd3 c5 6.c3 Nc6 7.Ne2 cxd4 8.cxd4 f6
9.exf6 Qxf6 10.Nf3 h6 11.O-O Bd6 12.Ng3 O-O 13.Bc2 Rf7 14.Nh5 Qd8 15.Bg6 
Re7 16.Bf4 Nf8 17.Bc2 Qc7 18.Bg3 Bd7 19.Qd2 Bxg3 20.hxg3 Be8 21.Nf4 Qb6 
22.Rfe1 Rc8 23.a3 g5 24.Ne2 Rec7 25.Nc3 Na5 26.Ne5 Kh8 27.Ba4 Rxc3 28.Bxe8
R3c7 29.Bh5 Nb3 30.Qe3 Nxa1 31.Nf7+ Rxf7 32.Bxf7 Qc7 33.Qf3 Kg7 34.Bxe6 
Re8 35.Rxa1 Rxe6 36.Qxd5 Re2 37.b4 Qf7 38.Qxf7+ Kxf7 39.Rc1 Re7 40.f3 Rd7 
41.Kf2 Rxd4 42.Ke3 Ne6 43.Rc8 Rd8 44.Rc4 Rd6 45.b5 b6 46.f4 Nc5 47.Rc3 Kf6
48.a4 Kf5 49.a5 Re6+ 50.Kd4 Rd6+ 51.Kc4 gxf4 52.gxf4 Ne4 53.Re3 bxa5 54.
Ra3 a6 55.bxa6 Rxa6 56.Kd4 Nf6 57.g3 a4 58.Kc5 Kg4 0-1

[Event "30th WCh U20 Girls"]
[Site "Athens GRE"]
[Date "2012.08.08"]
[Round "7"]
[White "Abdulla, Khayala"]
[Black "Ibrahimova, Sabina"]
[Result "1-0"]
[WhiteElo "2217"]
[BlackElo "2091"]
[EventDate "2012.08.02"]
[PlyCount "81"]

1.e4 c5 2.Nf3 Nc6 3.d4 cxd4 4.Nxd4 g6 5.c4 Nf6 6.Nc3 d6 7.Be2 Nxd4 8.Qxd4 
Bg7 9.Bg5 O-O 10.Qd2 Bd7 11.O-O Bc6 12.f3 a5 13.b3 a4 14.Rab1 axb3 15.axb3
Qb6+ 16.Kh1 Qb4 17.Rfd1 Rfe8 18.Bxf6 exf6 19.Nd5 Qxd2 20.Rxd2 Bxd5 21.Rxd5
f5 22.Rxd6 fxe4 23.fxe4 Rxe4 24.Bf3 Re3 25.Kg1 Re7 26.Rbd1 Be5 27.Rd7 Rxd7
28.Rxd7 Ra1+ 29.Kf2 b6 30.Bd5 Bxh2 31.Rxf7 Kh8 32.g4 Bg1+ 33.Kg3 Bc5 34.
Kh4 Rb1 35.Rd7 h6 36.g5 hxg5+ 37.Kxg5 Rxb3 38.Kf6 Bd4+ 39.Kf7 Rb1 40.Bg2 
Rb2 41.Bf3 1-0

[Event "30th WCh U20 Girls"]
[Site "Athens GRE"]
[Date "2012.08.08"]
[Round "7"]
[White "Schut, Lisa"]
[Black "Cemhan, Kardelen"]
[Result "1/2-1/2"]
[WhiteElo "2305"]
[BlackElo "1938"]
[EventDate "2012.08.02"]
[PlyCount "140"]

1.e4 c5 2.Nf3 e6 3.d4 cxd4 4.Nxd4 Nc6 5.Nc3 Qc7 6.Be3 a6 7.Qd2 Nf6 8.O-O-O
Be7 9.f3 b5 10.g4 O-O 11.g5 Nh5 12.Nce2 Rd8 13.Ng3 Nxd4 14.Bxd4 Nf4 15.h4 
Bb7 16.Kb1 e5 17.Nf5 Bf8 18.Bc3 b4 19.Bxb4 Bxb4 20.Qxb4 d5 21.Bd3 Rab8 22.
Ka1 a5 23.Qc3 Qxc3 24.bxc3 dxe4 25.Bxe4 Bxe4 26.fxe4 Kf8 27.Nd6 Ne2 28.
Rhf1 Rd7 29.Rd3 Rbd8 30.Nc4 Rxd3 31.cxd3 Rxd3 32.Nxe5 Rxc3 33.Rxf7+ Kg8 
34.Rd7 Rc8 35.Kb2 Ng3 36.Ra7 Nxe4 37.Rxa5 g6 38.Ng4 Rc7 39.a4 Nd6 40.Rd5 
Nf5 41.a5 Ra7 42.Nf6+ Kf8 43.Ka3 Ke7 44.Ka4 Ke6 45.Rd1 Nd6 46.Kb4 Nb7 47.
Ra1 h6 48.a6 hxg5 49.hxg5 Nd6 50.Kc5 Nc8 51.Ra5 Kf5 52.Kc6+ Kf4 53.Nd5+ 
Kg4 54.Nb6 Ne7+ 55.Kd6 Nf5+ 56.Ke6 Nd4+ 57.Kf6 Kh5 58.Nc8 Ra8 59.Ne7 Rf8+ 
60.Ke5 Nf3+ 61.Kd6 Nd4 62.a7 Ra8 63.Nd5 Rxa7 64.Rxa7 Nb5+ 65.Ke6 Nxa7 66.
Kf6 Nc6 67.Nf4+ Kg4 68.Nxg6 Nd4 69.Ne7 Ne6 70.g6 Nf4 1/2-1/2

[Event "30th WCh U20 Girls"]
[Site "Athens GRE"]
[Date "2012.08.08"]
[Round "7"]
[White "Semenova, Elena"]
[Black "Batkovskyte, Dominyka"]
[Result "1/2-1/2"]
[WhiteElo "2134"]
[BlackElo "2096"]
[EventDate "2012.08.02"]
[PlyCount "134"]

1.e4 e6 2.d4 d5 3.Nc3 Nf6 4.Bg5 Be7 5.e5 Nfd7 6.Bxe7 Qxe7 7.f4 O-O 8.Nf3 
c5 9.dxc5 f6 10.Bd3 Nc6 11.exf6 Qxf6 12.g3 Nxc5 13.O-O Bd7 14.Qd2 Be8 15.
Rae1 Nxd3 16.cxd3 Nd4 17.Ne5 Rc8 18.Qf2 Nf5 19.Rc1 b6 20.Nxd5 Qd8 21.Nc3 
Bc6 22.Nxc6 Rxc6 23.Rfe1 Qxd3 24.Rcd1 Qa6 25.Rd7 Qa5 26.Re5 Qb4 27.Qe2 Nd4
28.Qd3 Nf5 29.Rb5 Qc4 30.Qxc4 Rxc4 31.Rxa7 Rb8 32.Ra4 Rc6 33.Re5 Rd8 34.
Rae4 Kf7 35.Kf2 Rd2+ 36.Re2 Rd3 37.Nb5 Rd1 38.b3 Nd4 39.Nxd4 Rxd4 40.Ke3 
Rd1 41.Re4 h5 42.Rd4 Rf1 43.Kd3 Rfc1 44.b4 b5 45.Rb2 Rd1+ 46.Ke4 Re1+ 47.
Kf3 Kf6 48.Rbd2 g6 49.Kf2 Rb1 50.Re4 Ra6 51.Rde2 Rc6 52.h3 Ra6 53.Rc2 Ra4 
54.Rce2 Ra6 55.Rd2 Ra4 56.Rd6 Rxa2+ 57.Re2 Rxe2+ 58.Kxe2 Rxb4 59.Rd3 g5 
60.fxg5+ Kxg5 61.Kf3 Rb1 62.Rd6 Kf5 63.g4+ hxg4+ 64.hxg4+ Kf6 65.g5+ Kxg5 
66.Rxe6 Kf5 67.Re8 b4 1/2-1/2

[Event "30th WCh U20 Girls"]
[Site "Athens GRE"]
[Date "2012.08.08"]
[Round "7"]
[White "Osmak, Yulia"]
[Black "Narva, Triin"]
[Result "1-0"]
[WhiteElo "2171"]
[BlackElo "2028"]
[EventDate "2012.08.02"]
[PlyCount "81"]

1.e4 d5 2.exd5 Qxd5 3.Nc3 Qd6 4.d4 Nf6 5.Nf3 c6 6.Be3 Bg4 7.h3 Bh5 8.g4 
Bg6 9.Ne5 Nd5 10.Nxd5 Qxd5 11.Rg1 e6 12.Bg2 Qa5+ 13.c3 Bd6 14.Nc4 Qc7 15.
Nxd6+ Qxd6 16.Qb3 Qc7 17.O-O-O Nd7 18.f4 O-O 19.d5 cxd5 20.f5 exf5 21.Bxd5
f4 22.Bd4 Nc5 23.Qb5 Ne6 24.Bf2 Rfd8 25.h4 h6 26.Qxb7 Qa5 27.Bb3 Nc5 28.
Bxc5 Qxc5 29.Qf3 Qe5 30.Rge1 Rxd1+ 31.Qxd1 Qf6 32.h5 Rd8 33.Qxd8+ Qxd8 34.
hxg6 f3 35.Bxf7+ Kf8 36.Re8+ Qxe8 37.Bxe8 Kxe8 38.Kd2 Ke7 39.Ke3 Kf6 40.
Kxf3 Kxg6 41.b4 1-0

[Event "30th WCh U20 Girls"]
[Site "Athens GRE"]
[Date "2012.08.08"]
[Round "7"]
[White "Furtado, Ivana Maria"]
[Black "Kolaric, Spela"]
[Result "1-0"]
[WhiteElo "2102"]
[BlackElo "2071"]
[EventDate "2012.08.02"]
[PlyCount "93"]

1.d4 Nf6 2.Nf3 e6 3.c4 Bb4+ 4.Bd2 Qe7 5.g3 Nc6 6.Nc3 Bxc3 7.Bxc3 Ne4 8.Qc2
Nxc3 9.Qxc3 O-O 10.Bg2 d6 11.O-O Re8 12.d5 Nb8 13.dxe6 fxe6 14.c5 Bd7 15.
Nd4 dxc5 16.Nb3 Bc6 17.Nxc5 Bxg2 18.Kxg2 b6 19.Ne4 c5 20.Rad1 Nd7 21.f4 
Nf6 22.Nf2 Rad8 23.e4 Kh8 24.e5 Nd5 25.Qf3 Qf7 26.Ne4 Rf8 27.Nd6 Qg6 28.
Kh1 Ne7 29.g4 h6 30.h4 Kh7 31.Rf2 h5 32.gxh5 Qh6 33.Rg1 Kh8 34.Rd2 Kh7 35.
Rdg2 Kh8 36.Rxg7 Qxg7 37.Rxg7 Kxg7 38.Qb7 Rf7 39.Qg2+ Kf8 40.Nxf7 Kxf7 41.
Qg5 Rd1+ 42.Kh2 Rd2+ 43.Kg1 Nd5 44.h6 Rxb2 45.Qg7+ Ke8 46.h7 Rb1+ 47.Kf2 
1-0

[Event "30th WCh U20 Girls"]
[Site "Athens GRE"]
[Date "2012.08.08"]
[Round "7"]
[White "Anusca, Madalina-Maria"]
[Black "Manelidou, Maria"]
[Result "1/2-1/2"]
[WhiteElo "2079"]
[BlackElo "2056"]
[EventDate "2012.08.02"]
[PlyCount "111"]

1.d4 f5 2.c4 Nf6 3.g3 g6 4.Bg2 Bg7 5.Nf3 O-O 6.O-O d6 7.Nc3 Nc6 8.d5 Na5 
9.Nd2 b6 10.Qc2 Nb7 11.Rb1 Bd7 12.b4 Rc8 13.Nb5 a6 14.Nd4 Qe8 15.N2b3 Nd8 
16.c5 Qf7 17.c6 Be8 18.Qd3 Ra8 19.Nd2 e5 20.dxe6 Nxe6 21.Nxe6 Qxe6 22.Bb2 
Bf7 23.a4 Rfe8 24.e3 Qa2 25.Qc2 Nd5 26.Bxd5 Bxd5 27.Rfc1 Be4 28.Nxe4 Rxe4 
29.Bxg7 Qxc2 30.Rxc2 Kxg7 31.a5 Rb8 32.b5 Ra4 33.axb6 Rxb6 34.Rcb2 axb5 
35.Rxb5 Rxb5 36.Rxb5 Rc4 37.Rb2 Rxc6 38.h4 Rc1+ 39.Kg2 Kf6 40.Kf3 h6 41.
Ke2 g5 42.hxg5+ hxg5 43.Kd2 Rc5 44.Rb4 d5 45.g4 Ra5 46.gxf5 Kxf5 47.f3 c5 
48.Rb8 Ra2+ 49.Ke1 c4 50.Rf8+ Ke5 51.Rg8 c3 52.Rxg5+ Kd6 53.Kd1 Rd2+ 54.
Kc1 Rd3 55.e4 dxe4 56.fxe4 1/2-1/2

[Event "30th WCh U20 Girls"]
[Site "Athens GRE"]
[Date "2012.08.08"]
[Round "7"]
[White "Ivekovic, Ana"]
[Black "Petrova, Irina"]
[Result "0-1"]
[WhiteElo "1959"]
[BlackElo "2173"]
[EventDate "2012.08.02"]
[PlyCount "144"]

1.d4 Nf6 2.c4 c5 3.d5 b5 4.cxb5 a6 5.bxa6 Bxa6 6.Nc3 d6 7.Nf3 g6 8.g3 Bg7 
9.Bg2 Nbd7 10.Rb1 O-O 11.O-O Qa5 12.Bd2 Rfb8 13.Qc2 Qc7 14.b3 Nb6 15.Nh4 
Qa7 16.a4 c4 17.b4 Bb7 18.e4 Rc8 19.a5 Nbd7 20.Bh3 Qb8 21.Nf3 Re8 22.Rfe1 
e6 23.dxe6 fxe6 24.Red1 d5 25.exd5 exd5 26.Bf4 Qd8 27.Nd4 Nf8 28.Ncb5 Nh5 
29.Bc7 Qe7 30.Bb6 Bc8 31.Bg2 Bb7 32.Nc7 Nd7 33.Nxa8 Bxa8 34.b5 Nxb6 35.
axb6 Qc5 36.Nc6 d4 37.Rdc1 c3 38.Qb3+ Kh8 39.Qf7 Rf8 40.Qd5 Qxd5 41.Bxd5 
d3 42.Be4 c2 43.Bxd3 cxb1=Q 44.Rxb1 Nf6 45.Na5 Rb8 46.Rc1 Nd7 47.b7 Bxb7 
48.Nxb7 Rxb7 49.Rc8+ Bf8 50.Be4 Rb8 51.Rxb8 Nxb8 52.f4 Kg7 53.Kg2 Nd7 54.
Kf3 Kf6 55.h4 Nc5 56.Bc6 Bd6 57.b6 Ne6 58.Ke4 Ng7 59.g4 Ne6 60.f5 gxf5+ 
61.gxf5 Ng7 62.Bd7 Nh5 63.b7 Ng3+ 64.Kf3 Nh5 65.Be6 Ng7 66.Bg8 h6 67.Be6 
Ne8 68.Kg4 Bb8 69.Bd7 Nd6 70.Kh5 Kg7 71.Bc8 Ne4 72.Be6 Nf6# 0-1

[Event "30th WCh U20 Girls"]
[Site "Athens GRE"]
[Date "2012.08.08"]
[Round "7"]
[White "Vatkali, Dimitra"]
[Black "Abdumalik, Zhansaya"]
[Result "0-1"]
[WhiteElo "1936"]
[BlackElo "2193"]
[EventDate "2012.08.02"]
[PlyCount "120"]

1.e4 c5 2.Nf3 e6 3.c4 d6 4.d4 cxd4 5.Nxd4 Nf6 6.Nc3 a6 7.Be3 Qc7 8.Rc1 Be7
9.Be2 Nbd7 10.f3 b6 11.O-O Bb7 12.Qd2 O-O 13.Rfd1 Rac8 14.Bf1 Rfe8 15.b3 
Qb8 16.Qf2 Bd8 17.g4 Nf8 18.Nde2 Bc6 19.a4 N8d7 20.Ng3 Nc5 21.Qb2 Be7 22.
Rd2 Nfd7 23.Be2 a5 24.Rcd1 Bf8 25.g5 Rcd8 26.Kf2 Ne5 27.Rg1 Qb7 28.Rgd1 
Qb8 29.Qb1 g6 30.h4 Bg7 31.Qc2 f6 32.gxf6 Bxf6 33.Bg5 Rf8 34.Bxf6 Rxf6 35.
Kg2 Qc7 36.Rh1 Rdf8 37.Qd1 Nxf3 38.Rxd6 Ne5 39.Rf1 Rxf1 40.Bxf1 Rf3 41.Qd4
Rxc3 42.Qxe5 Rxg3+ 43.Kxg3 Qxd6 44.Qxd6 Nxe4+ 45.Kf4 Nxd6 46.Ke5 Nf5 47.
Kxe6 Be4 48.Kd7 Ng3 49.Bh3 Bf5+ 50.Kc7 Bxh3 51.Kxb6 Kf7 52.Kxa5 Ke7 53.Kb6
Ne4 54.b4 Bf1 55.c5 Nc3 56.Ka5 Kd7 57.b5 Kc7 58.Kb4 Nd5+ 59.Ka5 Kb7 60.c6+
Ka7 0-1

[Event "30th WCh U20 Girls"]
[Site "Athens GRE"]
[Date "2012.08.08"]
[Round "7"]
[White "Pavlidou, Ekaterini"]
[Black "Serefidou, Despina"]
[Result "1/2-1/2"]
[WhiteElo "2237"]
[BlackElo "1865"]
[EventDate "2012.08.02"]
[PlyCount "67"]

1.d4 Nf6 2.c4 e6 3.Nc3 Bb4 4.Qc2 O-O 5.a3 Bxc3+ 6.Qxc3 Ne4 7.Qc2 f5 8.Nh3 
d6 9.f3 Nf6 10.e3 e5 11.dxe5 dxe5 12.Be2 c5 13.O-O Nc6 14.Nf2 Qe7 15.b4 
cxb4 16.axb4 Nxb4 17.Qb3 Na6 18.Nd3 b6 19.Rxa6 Bxa6 20.Nb4 Bc8 21.Ba3 Qe8 
22.Nd5 Rf7 23.e4 fxe4 24.fxe4 Nxd5 25.cxd5 Rxf1+ 26.Bxf1 Bd7 27.Bb2 Qg6 
28.d6+ Kh8 29.Qd5 Re8 30.h4 Qe6 31.Qd2 Qg4 32.Qe1 Qe6 33.Qd2 Qg4 34.Qe1 
1/2-1/2

[Event "30th WCh U20 Girls"]
[Site "Athens GRE"]
[Date "2012.08.08"]
[Round "7"]
[White "Nonkovic, Bogdana"]
[Black "Orozco Lopez, Lina Yomayra"]
[Result "1-0"]
[WhiteElo "1950"]
[BlackElo "2150"]
[EventDate "2012.08.02"]
[PlyCount "119"]

1.Nf3 Nf6 2.c4 e6 3.g3 b6 4.Bg2 Bb7 5.O-O c5 6.Nc3 d5 7.cxd5 exd5 8.d4 Be7
9.dxc5 bxc5 10.Qb3 Qb6 11.Ne5 Qxb3 12.axb3 O-O 13.Nc4 Rd8 14.Na5 Bc8 15.
Bf4 Be6 16.Rfd1 Rd7 17.Nc4 Nc6 18.Nb6 Rad8 19.Nxd7 Rxd7 20.e4 d4 21.e5 Nd5
22.Nxd5 Bxd5 23.Bxd5 Rxd5 24.Ra6 Nxe5 25.Rxa7 Ng6 26.Ra8+ Bf8 27.Bc7 f6 
28.Rd8 Rxd8 29.Bxd8 Ne5 30.Bc7 Nc6 31.Rc1 Kf7 32.Kf1 Ke6 33.Ke2 Kd5 34.Kd2
g6 35.f4 h5 36.Ra1 Be7 37.Ra8 c4 38.bxc4+ Kxc4 39.Rg8 Bb4+ 40.Kd1 Ne7 41.
Rb8 Nd5 42.Bb6 Kd3 43.Ba7 Ne3+ 44.Kc1 Bd2+ 45.Kb1 Nf1 46.b4 Nxh2 47.b5 h4 
48.Rd8 Nf3 49.gxh4 Bxf4 50.b6 Ke2 51.b7 d3 52.Re8+ Kf1 53.Be3 Bg3 54.Kc1 
Nxh4 55.Kd2 Nf5 56.Re6 Kg2 57.Rxf6 Nd6 58.Rxg6 Nc4+ 59.Kc3 Nxe3 60.Rxg3+ 
1-0

[Event "30th WCh U20 Girls"]
[Site "Athens GRE"]
[Date "2012.08.08"]
[Round "7"]
[White "Galunova, Tsveta"]
[Black "Chiarion, Elisa"]
[Result "1-0"]
[WhiteElo "2091"]
[BlackElo "1978"]
[EventDate "2012.08.02"]
[PlyCount "133"]

1.e4 c5 2.c3 d5 3.exd5 Qxd5 4.d4 g6 5.Nf3 Bg7 6.Be2 Nh6 7.Na3 cxd4 8.Nb5 
Na6 9.O-O O-O 10.cxd4 Bg4 11.a4 Rfd8 12.Bd2 Rd7 13.h3 Bxf3 14.Bxf3 Qe6 15.
Ba5 Nf5 16.Re1 Qf6 17.Qb3 Nxd4 18.Nxd4 Nc5 19.Qa3 Qxd4 20.Rad1 Qxb2 21.
Qxc5 Bd4 22.Re2 Bxc5 23.Rxb2 Rxd1+ 24.Bxd1 b6 25.Bb4 Bd4 26.Rc2 e6 27.Bf3 
Rd8 28.Rd2 f5 29.Kf1 e5 30.Bc3 Kf7 31.Ke2 Ke6 32.Bxd4 exd4 33.Kd3 Rd7 34.
Rc2 Ke5 35.Rc8 Ke6 36.Rb8 Rc7 37.Kxd4 Rd7+ 38.Ke3 f4+ 39.Ke2 Rd4 40.Re8+ 
Kf5 41.Bc6 Rc4 42.Bb5 Rc2+ 43.Ke1 Ra2 44.Re7 Ra1+ 45.Ke2 Ra2+ 46.Kf1 Ra1+ 
47.Re1 Ra2 48.Bd7+ Kf6 49.Re6+ Kg5 50.Rd6 Ra1+ 51.Ke2 Ra2+ 52.Rd2 Ra3 53.
Rd3 Ra2+ 54.Kf3 Rb2 55.Bc6 Rc2 56.Be8 Rc8 57.Rd5+ Kf6 58.Bb5 Rc2 59.Rd7 
Ra2 60.Rxa7 h5 61.Rb7 Kf5 62.Rf7+ Ke5 63.Re7+ Kf5 64.Bd7+ Kg5 65.Re5+ Kf6 
66.Re6+ Kg5 67.Rxb6 1-0

[Event "30th WCh U20 Girls"]
[Site "Athens GRE"]
[Date "2012.08.08"]
[Round "7"]
[White "Liao, Simone"]
[Black "Pon Krithikha, Namasivayam"]
[Result "0-1"]
[WhiteElo "1933"]
[BlackElo "2119"]
[EventDate "2012.08.02"]
[PlyCount "68"]

1.e4 Nf6 2.e5 Nd5 3.c4 Nb6 4.d4 d6 5.exd6 cxd6 6.Nc3 g6 7.Be3 Bg7 8.Rc1 
O-O 9.b3 Nc6 10.Nf3 Bg4 11.Be2 d5 12.c5 Nc8 13.O-O e6 14.b4 a6 15.h3 Bxf3 
16.Bxf3 N8e7 17.Ne2 Nf5 18.Bg4 Nxe3 19.fxe3 Qg5 20.Qb3 Rad8 21.Nf4 e5 22.
Nxd5 exd4 23.e4 d3 24.a4 h5 25.Bf3 Rxd5 26.exd5 Qe3+ 27.Kh1 Nd4 28.Qd1 d2 
29.Rc2 Nf5 30.g3 Nxg3+ 31.Kg2 Nxf1 32.Qxf1 Qg5+ 33.Kh1 Re8 34.Be2 Rxe2 0-1

[Event "30th WCh U20 Girls"]
[Site "Athens GRE"]
[Date "2012.08.08"]
[Round "7"]
[White "De Seroux, Camille"]
[Black "Messam-Sparks, Lateefah"]
[Result "1-0"]
[WhiteElo "2101"]
[BlackElo "1947"]
[EventDate "2012.08.02"]
[PlyCount "51"]

1.e4 c5 2.Nf3 e6 3.d4 cxd4 4.Nxd4 Nf6 5.Nc3 d6 6.g4 h6 7.Rg1 Nc6 8.Be3 a6 
9.h4 h5 10.gxh5 Nxh5 11.Be2 Nf6 12.Bg5 Be7 13.Qd2 Qb6 14.Nb3 Bd7 15.Be3 
Qc7 16.Rxg7 Rxh4 17.O-O-O O-O-O 18.Rxf7 Nxe4 19.Nxe4 Rxe4 20.Bf3 Re5 21.
Bf4 Be8 22.Rg7 Rb5 23.Bg4 Kb8 24.Bxe6 Bh5 25.Re1 Rf8 26.Rxe7 1-0

[Event "30th WCh U20 Girls"]
[Site "Athens GRE"]
[Date "2012.08.08"]
[Round "7"]
[White "Lolici, Iselin-Amanda"]
[Black "Sargsian, Shushanna"]
[Result "0-1"]
[WhiteElo "1967"]
[BlackElo "2047"]
[EventDate "2012.08.02"]
[PlyCount "80"]

1.c4 c5 2.g3 Nc6 3.Bg2 g6 4.Nc3 Bg7 5.Rb1 d6 6.a3 h5 7.h4 a5 8.e4 e5 9.
Nge2 Bg4 10.f3 Bd7 11.Nb5 Be6 12.d3 Nge7 13.Nec3 Nd4 14.b4 axb4 15.axb4 
Nxb5 16.Nxb5 b6 17.O-O O-O 18.Qb3 Nc6 19.Bd2 Qd7 20.bxc5 bxc5 21.Ra1 Bh3 
22.Ra3 Bxg2 23.Kxg2 f5 24.Rfa1 Rxa3 25.Rxa3 fxe4 26.dxe4 Rb8 27.Qa2 Nd4 
28.Ra8 Rxa8 29.Qxa8+ Kh7 30.Qb8 Qf7 31.Nxd4 exd4 32.Qb5 Qa7 33.Ba5 d3 34.
Kf2 Bd4+ 35.Ke1 Qf7 36.f4 Qe6 37.Qb7+ Kh8 38.Qd5 Qg4 39.Qa8+ Kh7 40.Qb7+ 
Kh6 0-1

[Event "30th WCh U20 Girls"]
[Site "Athens GRE"]
[Date "2012.08.08"]
[Round "7"]
[White "Terzidaki, Alexandra"]
[Black "Lefevre, Margaux"]
[Result "0-1"]
[WhiteElo "1958"]
[BlackElo "2043"]
[EventDate "2012.08.02"]
[PlyCount "76"]

1.e4 c5 2.Nf3 d6 3.d4 cxd4 4.Nxd4 Nf6 5.Nc3 Nc6 6.Bg5 e6 7.Qd2 a6 8.O-O-O 
Bd7 9.f4 h6 10.Bxf6 Qxf6 11.Nxc6 Bxc6 12.Bc4 b5 13.Bb3 O-O-O 14.Kb1 Rd7 
15.f5 Rb7 16.Qe2 g5 17.fxe6 fxe6 18.Qg4 Bd7 19.e5 Qxe5 20.Rhe1 Qf5 21.Qd4 
Rg8 22.g4 Qg6 23.Rd3 d5 24.Rf1 Be7 25.Rdf3 Qg7 26.Qe3 Rf8 27.Ne2 Rxf3 28.
Rxf3 a5 29.a3 a4 30.Ba2 b4 31.axb4 Bxb4 32.Nd4 Bc5 33.c3 a3 34.b4 Bxd4 35.
cxd4 Rxb4+ 36.Kc2 Qxd4 37.Qxa3 Ba4+ 38.Kc1 Qd1# 0-1

[Event "30th WCh U20 Girls"]
[Site "Athens GRE"]
[Date "2012.08.08"]
[Round "7"]
[White "Kalaydina, Regina Veronicka"]
[Black "Unapkoshvili, Nani"]
[Result "1/2-1/2"]
[WhiteElo "1928"]
[BlackElo "2011"]
[EventDate "2012.08.02"]
[PlyCount "100"]

1.d4 Nf6 2.c4 g6 3.Nc3 Bg7 4.e4 d6 5.f3 O-O 6.Bg5 h6 7.Be3 e5 8.dxe5 dxe5 
9.Qxd8 Rxd8 10.Nd5 Ne8 11.O-O-O Kh7 12.Bd3 c6 13.Nc3 Na6 14.Nge2 Be6 15.a3
b6 16.b3 Bf8 17.Kb2 Nc5 18.Bc2 a5 19.Rxd8 Rxd8 20.Rd1 Rxd1 21.Nxd1 Nd6 22.
Kc3 Kg7 23.Nb2 f5 24.exf5 gxf5 25.b4 axb4+ 26.axb4 Nd7 27.Ba4 b5 28.cxb5 
Nxb5+ 29.Bxb5 cxb5 30.Nd3 Nf6 31.Bc5 Bc4 32.Ng3 Nd5+ 33.Kd2 Bxc5 34.bxc5 
Kf6 35.Nb2 Bb3 36.Ne2 Ke6 37.Nc1 Bc4 38.Nxc4 bxc4 39.Ne2 Kd7 40.Ng3 Kc6 
41.Nxf5 Kxc5 42.Nxh6 c3+ 43.Kc1 Kd4 44.Ng4 Nf4 45.h4 Nxg2 46.h5 Nf4 47.h6 
Ng6 48.Kc2 e4 49.fxe4 Kxe4 50.Kxc3 Kf5 1/2-1/2

[Event "30th WCh U20 Girls"]
[Site "Athens GRE"]
[Date "2012.08.08"]
[Round "7"]
[White "Frey, Alisa"]
[Black "Koutsogiannopoulou, Theodora"]
[Result "1-0"]
[WhiteElo "2035"]
[BlackElo "1897"]
[EventDate "2012.08.02"]
[PlyCount "57"]

1.e4 c5 2.Nf3 d6 3.d4 cxd4 4.Nxd4 Nf6 5.Nc3 a6 6.f3 e5 7.Nb3 Be6 8.Be3 Be7
9.Qd2 h5 10.Be2 Nbd7 11.Nd5 Bxd5 12.exd5 Rc8 13.c4 h4 14.Na5 Qc7 15.O-O 
Nh5 16.b4 g6 17.Rab1 Ndf6 18.Rfd1 Qd7 19.c5 h3 20.g3 Nxg3 21.hxg3 h2+ 22.
Kh1 Nh5 23.Bf2 Qh3 24.Qe1 Kf8 25.Nxb7 e4 26.Bf1 Qd7 27.c6 Rxc6 28.dxc6 
Qxc6 29.Qxe4 1-0